Pokemony typu "Woda", generacja pierwsza -nagła śmierć - Statystyki

Ogólne statystyki
  • Ten quiz został rozwiązany 79 razy
    64 od ostatniego zresetowania
  • Średni wynik to 17 z 30
Answers on the Grid
Answers color-coded by a green-red scale on the quiz's grid according to % correct below.
Bulbasaur
Ivysaur
Venusaur
Charmander
Charmeleon
Charizard
Squirtle
Wartortle
Blastoise
Caterpie
Metapod
Butterfree
Weedle
Kakuna
Beedrill
Pidgey
Pidgeotto
Pidgeot
Rattata
Raticate
Spaerow
Fearow
Ekans
Arbok
Pikachu
Raichu
Sandshrew
Sandslash
Nidoran
Nidorina
Nidoqueen
Nidoran
Nidorino
Nidoking
Clefairy
Clefable
Vulpix
Ninetales
Jigglypuff
Wigglytuff
Zubat
Golbat
Oddish
Gloom
Vileplume
Paras
Parasect
Venonat
Venomoth
Diglett
Dugtrio
Meowth
Persian
Psyduck
Golduck
Mankey
Primeape
Growlithe
Arcanine
Poliwag
Poliwhirl
Poliwrath
Abra
Kadabra
Alakazam
Machop
Machoke
Machamp
Bellsprout
Weepinbell
Victreebel
Tentacool
Tentacruel
Geodude
Graveler
Golem
Ponyta
Rapidash
Slowpoke
Slowbro
Magnemite
Magneton
Farfetch'd
Doduo
Dodrio
Seel
Dewgong
Grimer
Muk
Shellder
Cloyster
Gastley
Haunter
Gengar
Onix
Drowzee
Hypno
Krabby
Kingler
Voltorb
Electrode
Exeggcute
Exeggutor
Cubone
Marowak
Hitmonlee
Hitmonchan
Lickitung
Koffing
Weezing
Rhyhorn
Rhydon
Chansey
Tangela
Kangaskhan
Horsea
Seadra
Goldeen
Seaking
Staryu
Starmie
Mr. Mime
Scyther
Jynx
Electabuzz
Magmar
Pinsir
Tauros
Magikarp
Gyarados
Lapras
Ditto
Eevee
Vaporeon
Jolteon
Flareon
Porygon
Omanyte
Omastar
Kabuto
Kabutops
Aerodactyl
Snorlax
Articuno
Zapdos
Moltres
Dratini
Dragonair
Dragonite
Mewtwo
Mew
 
Statystyki odpowiedzi
Odpowiedź % Poprawnych
Squirtle
97%
Blastoise
95%
Wartortle
92%
Poliwhirl
67%
Poliwrath
64%
Poliwag
62%
Psyduck
62%
Seadra
62%
Starmie
62%
Golduck
59%
Kingler
59%
Krabby
59%
Seel
59%
Horsea
56%
Magikarp
56%
Staryu
56%
Vaporeon
56%
Dewgong
54%
Gyarados
51%
Seaking
51%
Cloyster
49%
Goldeen
49%
Lapras
49%
Shellder
49%
Tentacruel
46%
Slowbro
44%
Slowpoke
44%
Tentacool
41%
Articuno
8%
Jynx
5%
Nie znaleziono quizów pasujących do podanych kryteriów
Rozkład punktacji
Procent ludzi z każdym wynikiem
Percentyl według liczby udzielonych odpowiedzi
Twoja historia wyników
Nie rozwiązałeś tego quizu od ostatniego zresetowania